000 00702na a2200253 4500
001 14328
003 MIRAKIL
005 20181213154846.0
008 160901b tu 000 0
035 _a14328
040 _aMilas
_btur
_cTR-AnCHP
082 _a070.442
_bP84i 1985
090 _a070.442 P84i 1985
100 _aPulur, Hasan
245 _aOlaylar ve insanlar 1
_b1961-1972
_cHasan Pulur
250 _a4.bs.
260 _aİstanbul
_bBilgi Yayınevi
_c1985
300 _a318 s.
_c19 sm.
490 _aOlaylar ve insanlar
_v1
490 _aBilgi yayınları / bilgi dizisi
_v37
650 _aAnekdotlar
650 _aSiyasal yaşam
_xDenemeler
_y1961-1972
_zTürkiye
942 _2ddc
_cBKS
999 _c2118
_d2118